El pintor de batallas / (Registro nro. 11273)

Detalles MARC
000 -LIDER
fixed length control field 01564nam a2200313 4500
001 - NÚMERO DE CONTROL
Identificador de número de control
003 - IDENTIFICACDOR DE NÚMERO DE CONTROL
control field DO-SdBNP
005 - DATE AND TIME OF LATEST TRANSACTION
control field 20230731114230.0
007 - CAMPOS FIJOS DE DESCRIPCIÓN FÍSICA
fixed length control field 0310
008 - ELEMENTOS DE LONGITUD FIJA
fixed length control field 110324s2007 sp ||| 000 f spa
015 ## - NÚMERO DENTRO DE LA BIBLIOGRAFÍA NACIONAL
National bibliography number
017 ## - NÚMERO DE REGISTRO DE DERECHOS DE AUTOR
Copyright or legal deposit number
Assigning agency
020 ## - ISBN
International Standard Book Number 9788466368902
035 ## - NÚMERO LOCAL
System control number
040 ## - FUENTE DE CATALOGACIÓN
Agencia que crea de manera original el registro BPMSU
Idioma de catalogación spa
Agencia que realiza la transcripción BPMSU
Convenciones de la despripción
080 ## - NÚMERO DE CLASIFICACIÓN DECIMAL UNIVERSAL
Universal Decimal Classification number
082 #4 - NÚMERO DE CLASIFICACIÓN DECIMAL DE DEWEY
Classification number 863.6
Item number P438p 2007
Edition number 22
100 1# - ASIENTO PRINCIPAL -- NOMBRE PERSONAL
Nombre personal Pérez-Reverte, Arturo
Fechas asociadas con el nombre 1951-
9 (RLIN) 53
245 13 - MENCIÓN DE TITULO
Título El pintor de batallas /
Mención de responsabilidad Arturo Pérez Reverte
Medio (Designación general de material)
260 ## - PUBLICACIÓN, DISTRIBUCIÓN, ETC. (PIE DE IMPRENTA)
Lugar de publicación, distribución, etc Madrid :
Nombre del editor, distribuidor, etc. Santillana Ediciones Generales,
Fecha de publicación, distribución, etc 2007
300 ## - DESCRIPCIÓN FÍSICA
Extensión 292 p. ;
Dimensiones 21 cm
490 0# - MENCIÓN DE SERIES
Mención de serie Punto de lectura
Volume/sequential designation 1/9
500 ## - NOTA GENERAL
Nota general Incluye datos biográficos del autor
520 ## - RESUMEN, ETC.
Nota de resumen, etc. En una torre junto al Mediterráneo, en busca de la foto que nunca pudo hacer, un antiguo fotógrafo pinta un gran fresco circular en la pared: el paisaje intemporal de una batalla. Lo acompañan en la tarea un rostro que regresa del pasado para cobrar una deuda mortal, y la sombra de una mujer desaparecida diez años atrás. En torno a esos tres personajes, Arturo Pérez-Reverte ha escrito la más intensa y turbadora historia de su larga carrera de novelista. Deslumbrante de principio a fin, El pintor de batallas arrastra al lector, subyugado, a través de la compleja geometría del caos del siglo XXI: el arte, la ciencia, la guerra, el amor, la lucidez y la soledad, se combinan en el vasto mural de un mundo que agoniza.
650 #4 - ENCABEZAMIENTO DE MATERIA--TEMÁTICO
Término temático o nombre geográfico como elemento de entrada Novela española
650 #4 - ENCABEZAMIENTO DE MATERIA--TEMÁTICO
Término temático o nombre geográfico como elemento de entrada Literatura española
910 ## - VALIDACIÓN
Validación VMateo V. Control de calidad. BPMSU
942 ## - ADDED ENTRY ELEMENTS (KOHA)
Source of classification or shelving scheme Dewey Decimal Classification
Koha item type Libros
Existencias
Withdrawn status Lost status Source of classification or shelving scheme Damaged status Not for loan Collection code Home library Current library Date acquired Source of acquisition Total Checkouts Full call number Barcode Date last seen Price effective from Koha item type Copy number
    Dewey Decimal Classification     Colección General Biblioteca Pública Metropolitana Salomé Ureña Biblioteca Pública Metropolitana Salomé Ureña 09/01/2016 ALFAGUARA   BPMSU CG 863.6 P438p 2007 BPMSU16090023 09/01/2016 09/01/2016 Libros  
    Dewey Decimal Classification     Colección General Biblioteca Pública Metropolitana Salomé Ureña Biblioteca Pública Metropolitana Salomé Ureña 09/01/2016 ALFAGUARA   863.6 P438p BPMSU16090024 09/01/2016 09/01/2016 Libros e.2